000 00656nam a2200205Ia 4500
003 GCL
008 140319s9999 xx 000 0 ara d
020 _a33184020977
040 _aGCL /
_cGCL
082 0 4 _aط
_b001.2
_bد ك
100 1 _aويليامسون ، مرجريت
245 1 0 _aكتابك الاول عن : الحشرات /
_cويليامسون ، مرجريت
700 1 _aاحمد عمادالدين ابوالنصر
250 _aالخامسة
260 _aالقاهرة :
_bدار المعارف ،
_c1991
300 _a42 ص ؛
_c24 سم
490 _aكتابك الاول عن
_v6
650 0 4 _aالحشرات
942 _2ddc
_cBK
999 _c9110
_d9110